000 02029nam a2200625 a 4500
003 AR-BaBNM
005 20251128204816.0
008 082120s2002 ||||||||||||||000 | spa||
020 _a950-0407-03-7
040 _cAR-BaBNM
111 2 _aCongreso Nacional Belgraniano
_n2
_cBuenos Aires, Argentina
_9jun. 22-24
_d1994
245 0 0 _aCongreso Nacional Belgraniano
260 _aBuenos Aires
_bInstituto Nacional Belgraniano
_c1994
300 _a415 p.
500 _aIncluye el reglamento, los miembros, las comisiones y el desarrollo del Segundo Congreso Nacional Belgraniano
504 _aBibliografía, fuentes documentales y notas al término de cada trabajo
600 1 4 _aBarbadori, Atilio Aníbal
600 1 4 _aBollo Cabrios, Palmira S.
600 1 4 _aBelgrano y Coelho, Arturo Joaquín
600 1 4 _aBradley, Eduardo
600 1 4 _aDomínguez Koch, Santos A.
600 1 4 _aDoval, Alicia
600 1 4 _aEchazu Lezica, Mariano De
600 1 4 _aElissalde, Roberto L.
600 1 4 _aFernández Dirube, Ariel
600 1 4 _aGalarza, Pedro Ignacio
600 1 4 _aGarcía, Maricel G.
600 1 4 _aGarcía Enciso, Isaías J.
600 1 4 _aGonzález Iramain, Jorge Julio
600 1 4 _aGuzmán, Carlos Alberto
600 1 4 _aHaas, Pedro Pablo
600 1 4 _aMarquéz, Armando Mario
600 1 4 _aNavarro Floria, Pedro
600 1 4 _aOchoa de Eguileor, Jorge
600 1 4 _aOrozco Acuaviva, Antonio
600 1 4 _aPérez Fuentes, Gerardo
600 1 4 _aRecalde, José Martin
600 1 4 _aTerbeck, C. Augusto
600 1 4 _aYungano, Arturo Ricardo
650 4 _aHISTORIA ARGENTINA
650 4 _aBIOGRAFIAS
650 4 _aPOLITICA NACIONAL
650 4 _aGOBIERNO
650 4 _aPATRIA
650 4 _aREVOLUCION
650 4 _aIGLESIA
650 4 _aEJERCITOS
650 4 _aHISTORIA POLITICA
650 4 _aPERIODO INDEPENDIENTE
650 4 _aGUERRAS DE LA INDEPENDENCIA
651 4 _aArgentina
700 1 _aMuñoz, Raúl Guillermo P.
_ecolaborador
942 _cBK
998 _cGLORIA
999 _c8915
_d8915